=LDR 00000nam 2200000 4500 =001 INLIS000000000030615 =005 20210312074304 =035 ##$$a 0010-061300000030615 =008 210312################g##########0#ind## =041 ##$$a ind =082 ##$$a 2x7.3 =090 ##$$a 2x7.3 Sya p =100 1#$$a Syafaat, Aat =245 1#$$a Peranan pendidikan agama Islam dalam mencegah kenakalan remaja : $b juvenile Delinquency /$c H. TB. Aat Syafaat, Sohari Sahrani =260 ##$$a Jakarta :$b Rajawali pers,$c 2008 =300 ##$$a x,218 hlm, ; $c 14 x 21 cm =650 #4$$a Pendidikan Agama Islam =850 ##$$a NBPNMAT =020 ##$$a 978-979-769-221-6 =084 ##$$a 2x7.3 SYA p =250 ##$$a ed.1 =990 ##$$a 20900727 =990 ##$$a 20900725 =990 ##$$a 209007280 =990 ##$$a 20900728